| 000 | 00434nam a22001457a 4500 | ||
|---|---|---|---|
| 005 | 20251209151056.0 | ||
| 008 | 251205b |||||||| |||| 00| 0 eng d | ||
| 020 | _a9780349430614 | ||
| 082 | _aDFic Q443 2021 | ||
| 100 |
_aQuinn, Julia. _969421 |
||
| 245 |
_aBrighter than the sun : _bthe Lyndon sisters / _cJulia Quinn. |
||
| 260 |
_aLondon : _bPiatkus, _c©2021. |
||
| 300 |
_a376 pages : _billustrations ; _c20 cm. |
||
| 942 |
_2ddc _cDFIC |
||
| 999 |
_c24216 _d24216 |
||